| Tag |
First Indicator |
Second Indicator |
Subfields |
| LEADER |
00000cam a22000001 4500 |
| 001 |
in00000239656 |
| 005 |
20151010050902.0 |
| 008 |
740605s1968 iluc b 00000 eng |
| 010 |
|
|
|a 67025512
|
| 035 |
|
|
|a (OCoLC)00396183
|
| 035 |
|
|
|9 ABB2858AM
|
| 040 |
|
|
|a DLC
|c DLC
|d TXA
|d UtOrBLW
|
| 043 |
|
|
|a e------
|a n-us---
|
| 049 |
|
|
|a TXAM
|c [912767]
|
| 050 |
0 |
0 |
|a E184.A1
|b F47
|
| 082 |
0 |
|
|a 917.3/03/917
|
| 100 |
1 |
|
|a Fermi, Laura.
|
| 245 |
1 |
0 |
|a Illustrious immigrants ;
|b the intellectual migration from Europe, 1930-41.
|
| 264 |
|
1 |
|a Chicago :
|b University of Chicago Press,
|c [1968]
|
| 300 |
|
|
|a xi, 440 pages :
|b portraits ;
|c 24 cm.
|
| 336 |
|
|
|a text
|b txt
|2 rdacontent
|
| 337 |
|
|
|a unmediated
|b n
|2 rdamedia
|
| 338 |
|
|
|a volume
|b nc
|2 rdacarrier
|
| 504 |
|
|
|a "Reference notes": pages 399-416.
|
| 650 |
|
0 |
|a Intellectuals
|z Europe.
|
| 650 |
|
0 |
|a Intellectuals
|z United States.
|
| 650 |
|
0 |
|a Immigrants
|z United States.
|
| 651 |
|
0 |
|a United States
|x Civilization
|x Foreign influences.
|
| 999 |
|
|
|a MARS
|
| 999 |
f |
f |
|s 442ca7bd-124f-3d03-9ec7-a75ead43c3c6
|i 69dc0dfa-49ee-35e0-a1af-9ebba44ee180
|t 0
|
| 952 |
f |
f |
|p normal
|a Texas A&M University
|b College Station
|c Sterling C. Evans Library
|d Evans: Library Stacks
|t 0
|e E184.A1 F47
|h Library of Congress classification
|i unmediated -- volume
|m A14802177868
|
| 998 |
f |
f |
|a E184.A1 F47
|t 0
|l Evans: Library Stacks
|